Evropská měnová unie - měnová politika a regulace a dohled bank

Európska únia a vznik Európskej menovej únie. Maastrichtské kritériá vstupu do Európskej menovej únie a ich plnenie. Európsky systém centrálnych bánk. Menová politika Európskej centrálnej banky. Regulácia a dohľad bánk v Európskej menovej únii. Prínosy a náklady Európskej menovej únie. Porovnanie...

Ausführliche Beschreibung

Gespeichert in:
Bibliographische Detailangaben
1. Verfasser: Revenda, Zbyněk
Format: Buchkapitel
Sprache:Tschechisch
Schlagworte:
Tags: Tag hinzufügen
Keine Tags, Fügen Sie das erste Tag hinzu!

MARC

LEADER 00000naa$a2200000$$$4500
001 0002067
005 20231003120319.0
041 0 |a cze 
044 |a CZ 
245 1 0 |a Evropská měnová unie - měnová politika a regulace a dohled bank  |c aut. Zbyněk Revenda 
520 |a Európska únia a vznik Európskej menovej únie. Maastrichtské kritériá vstupu do Európskej menovej únie a ich plnenie. Európsky systém centrálnych bánk. Menová politika Európskej centrálnej banky. Regulácia a dohľad bánk v Európskej menovej únii. Prínosy a náklady Európskej menovej únie. Porovnanie menovej politiky a regulácie a dohľadu bánk v Európskej menovej únii a v Českej republike. 
610 2 0 |a únie menové 
610 2 0 |a Európska únia 
610 2 0 |a Česko 
610 2 0 |a politika menová 
610 2 0 |a dohľad bankový 
610 2 0 |a regulácia devízová 
610 2 0 |a banky centrálne 
100 1 |a Revenda, Zbyněk